000 00514nam a2200217Ia 4500
003 OSt
005 20220924133956.0
006 a|||||r|||| 00| 0
007 ta
008 220923b |||||||| |||| 00| 0 snd d
024 _a271395
037 _cTextual
040 _aARTS
_cARTS
_bsnd
041 _2snd
_asnd
082 _aC, 1593H7
100 _aHinoorani
_9207757
245 0 _aSinces alem tabae
260 _c1947
942 _hC, 1593H7
_cTEXL
_2CC
999 _c435889
_d435889